000 00547nam a2200229Ia 4500
003 OSt
005 20220516122359.0
008 210210b2018 xxu||||| |||| 00| 0 eng d
040 _aAL
_c
041 _aeng
082 _a657.46 RAOB
100 _aRAO (K Sadashiva)
_937265
245 _aBusiness taxation IV 2018-19
250 _a20 Rev.
260 _aUdupi
_bSushrutha Books
_c2018
300 _a284
650 _ataxation
_937266
690 _aIncome Tax
_937267
700 _aGANESH (Y)
_937268
906 _a073155
942 _2ddc
_cBK
999 _c122996
_d122996